01635nam a22002177a 4500003000400000005001700004008004100021020001500062040000700077100001600084245007500100250001200175260003500187300002400222490006600246500002000312505103100332653001601363700001701379700002101396OSt20220112125523.0120612t xxu||||| |||| 00| 0 eng d a0072318597 cLC aBodie, Zvi. aEssentials of investments. /cZvi Bodie, Alex Kane and Alan J. Marcus. a4th ed. aNew York:bMcGraw-Hill,c2001. axxx, 688 p.:bill.; 3The McGraw-Hill series in finance, insurance and reals estate aIncludes index. aContents: 1. Introduction and overview: Globalization -- 2. Country factors: National differences in political economy -- Differences in culture -- Cases -- 3. The Global trade and investment environment : International trade theory -- The Political economy of international trade -- Foreign direct investment -- The Political economy of foreign direct investment -- Regional economic integration -- Cases -- 4. The Global Monetary system: The Foreign exchange market -- The International monetary system -- The Global capital market -- Cases -- 5. The strategy and structure of international business: The Strategy of international business -- The Organization of international business -- Entry strategy and strategic alliances -- Cases -- 6. Business Operations: Exporting, importing and countertrade -- Global manufacturing and materials management -- Global marketing and R&D -- Global human resource management -- Accounting in the international business -- Financial management in the international business -- Case --  aInvestments aKane, Alex.  aMarcus, Alan J.